000 01212nam a22003017a 4500
999 _c1020
_d1020
001 000879
003 CoMeUDC000879
005 20190129200153.0
008 130821s1993 ck gr spa
020 _a9589037321
040 _aCo-BoUCM
_bspa
_cCoMeUDC
041 _aspa
082 _a630.72
_bC687
110 _aInstituto Colombiano para el Desarrollo de la Ciencia y la Tecnología Francisco Jose de Caldas.
245 _aNuevas tecnologías para recrear el agro bases para un plan del Programa Nacional de Ciencia y Tecnologías Agropecuarias. /
_cInstituto Colombiano para el Desarrollo de la Ciencia y la Tecnología Francisco José de Caldas.
260 _aBogotá (Cundinamarca, Colombia) :
_bColciencias,
_c1993.
300 _a[1 volumen]
490 _aProgramas Nacionales de Ciencia y Tecnología
504 _aAnexos.
504 _aBibliografía al final de cada artículo
504 _aIncluye índice.
650 0 4 _aAgricultura
_zColombia
_98719
650 0 4 _aBiotecnología
_910159
650 0 4 _aCiencia y tecnología
_910790
650 0 4 _aInvestigación agrícola
_917971
650 0 4 _aTecnología agrícola
_925131
942 _cBK
_a14
_e1
_mI597N
_n0
_2ddc
_h607